ISBD(CM) Medzinárodný štandardný bibliografický popis pre kartografické materiály

Salvato in:
Dettagli Bibliografici
Altri autori: Janšová, Eleonóra
Natura: Libro
Lingua:slovacco
Pubblicazione: Martin Matica slovenská 1995
Edizione:1. vyd.
Soggetti:
Tags: Aggiungi Tag
Nessun Tag, puoi essere il primo ad aggiungerne!!

MARC

LEADER 00000nam a2200000 4500
001 c009792
005 20230117084140.3
020 |a 80-7090-314-7 
041 0 |a slo 
044 |a SK 
245 1 0 |a ISBD(CM)  |b Medzinárodný štandardný bibliografický popis pre kartografické materiály  |c [Z angl. prel.] Eleonóra Janšová 
250 |a 1. vyd. 
264 1 |a Martin  |b Matica slovenská  |c 1995 
300 |a 100 s. 
610 2 0 |a knihovníctvo 
610 2 0 |a normy 
610 2 0 |a bibliografia 
700 1 |a Janšová, Eleonóra